| 000 | 00474nam a2200193Ia 4500 | ||
|---|---|---|---|
| 001 | 48775 | ||
| 008 | 140430s9999 xx 000 0 und d | ||
| 020 | _a0333724275 | ||
| 040 | _cPK-LaUMT | ||
| 082 |
_a 346.013 _bDRA-U |
||
| 100 | _aDrake, Robert F. | ||
| 245 |
_aUnderstanding disability policies _cDrake, Robert F. |
||
| 260 |
_aLondon,UK: _bMacmillan, _c1999 |
||
| 300 | _a244 p. | ||
| 500 | _aPhotocopy | ||
| 546 | _aEN | ||
| 650 | _aDisability law | ||
| 942 | _cBK | ||
| 999 |
_c46567 _d46567 |
||